header

Pulsation in architecture (Record no. 140888)

MARC details
000 -LEADER
fixed length control field 01328nam a2200349 a 4500
082 04 - DEWEY DECIMAL CLASSIFICATION NUMBER
Classification number 724/.7
100 1# - MAIN ENTRY--AUTHOR NAME
Personal name Goldemberg, Eric,
245 10 - TITLE STATEMENT
Title Pulsation in architecture
260 ## - PUBLICATION, DISTRIBUTION, ETC. (IMPRINT)
Place of publication Ft. Lauderdale, Fla. :
Name of publisher J. Ross Pub.,
Year of publication c2012.
300 ## - PHYSICAL DESCRIPTION
Number of Pages 475 p. :
Other physical details ill. (some col.)
500 ## - GENERAL NOTE
General note Includes index.
650 #0 - SUBJECT ADDED ENTRY--TOPICAL TERM
Topical Term Architecture and technology.
Topical Term Architecture
Topical Term Design and technology.
Topical Term Design
Topical Term Architectural design.
856 40 - ELECTRONIC LOCATION AND ACCESS
Uniform Resource Identifier http://site.ebrary.com/lib/rucke/Doc?id=10520079

No items available.

© 2026 Rongo University
Contact us: librarian | system librarian | Rongo university